| 000 | 00380nam a22001337a 4500 | ||
|---|---|---|---|
| 005 | 20250725141550.0 | ||
| 008 | 250725b |||||||| |||| 00| 0 eng d | ||
| 020 | _a9789966003010 | ||
| 050 |
_aREF BS491 _b.3.A47 AFR |
||
| 245 |
_aAFRICA BIBLE COMMENTARY _cEDITED BY TOKUNBOH ADEYEMO |
||
| 260 |
_aNAIROBI _bWORLDALIVE PUBLISHERS _c2006 |
||
| 300 | _axviii, 1611p | ||
| 942 |
_2lcc _cBK _n0 |
||
| 999 |
_c7177 _d7177 |
||